KOHA-Header-6

Law 101 Law,Business and Society (Record no. 2494)

000 -LEADER
fixed length control field 00300nam a2200121Ia 4500
008 - FIXED-LENGTH DATA ELEMENTS--GENERAL INFORMATION
fixed length control field 190802s9999 xx 000 0 und d
020 ## - INTERNATIONAL STANDARD BOOK NUMBER
International Standard Book Number 978-1-4886-1379-1
100 ## - MAIN ENTRY--PERSONAL NAME
Personal name Andy Gibson
245 #0 - TITLE STATEMENT
Title Law 101 Law,Business and Society
260 ## - PUBLICATION, DISTRIBUTION, ETC. (IMPRINT)
Place of publication, distribution, etc Melbourne
Name of publisher, distributor, etc Pearson
Date of publication, distribution, etc 2016
300 ## - PHYSICAL DESCRIPTION
Extent 932:p
942 ## - ADDED ENTRY ELEMENTS (KOHA)
Koha item type Books
Holdings
Withdrawn status Lost status Source of classification or shelving scheme Damaged status Not for loan Collection code Permanent Location Current Location Shelving location Date acquired Full call number Barcode Date last seen Price effective from Koha item type
          Law MAJU MAJU Shelf No.A46 2019-08-03 346.94 9117 2019-08-03 2019-08-03 Law

Powered by Koha